Movies Quiz

Random Movies or Color Quiz

Top Grossing 'Color' Movies (Copy) Quiz Stats

 Plays Quiz not verified by Sporcle

Score 0/21 Timer 10:00
0 Plays Today
Title contains the color ... Movie % Correct
GreenThe Green Mile
85%
RedRed
75%
PurpleThe Color Purple
70%
PurplePurple Rain
70%
WhiteSnow White
55%
RedThe Hunt for Red October
50%
GreenGreen Lantern
50%
GreenThe Green Hornet
45%
BlueDeep Blue Sea
40%
BlackMen in Black
40%
BlackMen in Black II
40%
Title contains the color ... Movie % Correct
BlueThe Blue Lagoon
35%
PurpleThe Purple Rose of Cairo
35%
RedRed Dragon
25%
BrownJackie Brown
25%
BlackPirates of the Caribbean: The Curse of the Black Pearl
20%
WhiteSnow White and The Huntsman
15%
BrownMeet the Browns
10%
BlueBlue Streak
5%
BrownBrown Sugar
5%
WhiteLegally Blonde 2
0%

You're not logged in!

Compare scores with friends on all Sporcle quizzes.
OR
Log In

Sporcle TV

Today on Sporcle TV


Watch our educational content, quiz creation guides, and fun videos on Sporcle TV.

Show Comments

Extras

Top Quizzes Today


Score Distribution

Your Account Isn't Verified!

In order to create a playlist on Sporcle, you need to verify the email address you used during registration. Go to your Sporcle Settings to finish the process.

Report this User

Report this user for behavior that violates our Community Guidelines.

Details: